आरण्यक / (Record no. 117261)

MARC details
000 -LEADER
fixed length control field 01281nam a22002897a 4500
003 - CONTROL NUMBER IDENTIFIER
control field dpl
005 - DATE AND TIME OF LATEST TRANSACTION
control field 20180720121354.0
008 - FIXED-LENGTH DATA ELEMENTS--GENERAL INFORMATION
fixed length control field 180720b xxu||||| |||| 00| 0 eng d
010 ## - LIBRARY OF CONGRESS CONTROL NUMBER
LC control number A-755106
020 ## - INTERNATIONAL STANDARD BOOK NUMBER
Terms of availability 150.00
035 ## - SYSTEM CONTROL NUMBER
System control number A-755106, A-755141
037 ## - SOURCE OF ACQUISITION
Source of stock number/acquisition Cen Lib/Ret
040 ## - CATALOGING SOURCE
Original cataloging agency DPL
Language of cataloging HN
Transcribing agency 0
082 ## - DEWEY DECIMAL CLASSIFICATION NUMBER
Classification number
Item number वन्धोपा
100 ## - MAIN ENTRY--PERSONAL NAME
Personal name वन्धोपाध्याय, विभूतिभूषण
9 (RLIN) 48152
245 ## - TITLE STATEMENT
Title आरण्यक /
Statement of responsibility, etc विभूतिभूषण वन्धोपाध्याय ; अनुवादक योगेन्द्र चौधरी
246 ## - VARYING FORM OF TITLE
Title proper/short title aaranyak
Remainder of title by Vibhutibhushan Vandhopadhyay
260 ## - PUBLICATION, DISTRIBUTION, ETC. (IMPRINT)
Place of publication, distribution, etc दिल्ली
Name of publisher, distributor, etc जनवाणी प्रकाशन
Date of publication, distribution, etc 1995
270 ## - ADDRESS
Address 30/22, ए -गली न.9, विश्वास नगर शाहदरा
City दिल्ली
Postal code 110032
300 ## - PHYSICAL DESCRIPTION
Extent 207पृष्ठ.
Dimensions 20सेमी(सजिल्द)
650 ## - SUBJECT ADDED ENTRY--TOPICAL TERM
Topical term or geographic name as entry element हिंदी साहित्य
9 (RLIN) 71021
650 ## - SUBJECT ADDED ENTRY--TOPICAL TERM
Topical term or geographic name as entry element हिंदी उपन्यास
9 (RLIN) 71022
650 ## - SUBJECT ADDED ENTRY--TOPICAL TERM
Topical term or geographic name as entry element Hindi literature
9 (RLIN) 71023
650 ## - SUBJECT ADDED ENTRY--TOPICAL TERM
Topical term or geographic name as entry element Hindi novel
9 (RLIN) 71024
700 ## - ADDED ENTRY--PERSONAL NAME
Personal name चौधरी, योगेन्द्र
9 (RLIN) 71025
942 ## - ADDED ENTRY ELEMENTS (KOHA)
Source of classification or shelving scheme Dewey Decimal Classification
Koha item type Hindi Books
Classification part
Call number suffix वन्धोपा
Holdings
Withdrawn status Lost status Damaged status Not for loan Home library Current library Date acquired Source of acquisition Cost, normal purchase price Total Checkouts Full call number Barcode Date last seen Copy number Cost, replacement price Price effective from Koha item type Public note Source of classification or shelving scheme Total Renewals Date checked out Collection code
Written off       Central Library Central Library 26/08/2015 Cen Lib /Ret 150.00   उ वन्धोपा A-755106 26/08/2015 1 150.00 26/08/2015 Hindi Books Written off on approval by DLB (By Circulation); dtd 15-06-2023        
  Lost and Paid For     Central Library Central Library 10/11/2016 Cen Lib/Ret 150.00 1 उ वन्धोपा A-755105 12/09/2023 2 150.00 10/11/2016 Hindi Books 268/014 Dewey Decimal Classification 1 24/08/2023  
        Shahdara Branch Shahdara Branch 20/07/2018 BPPD/PUB 150.00   उ वन्धोपा A-755141 20/07/2018   150.00 20/07/2018 Hindi Books   Dewey Decimal Classification     Fiction

© Delhi Public Library
Hit Counter
free hit counter